|
|
|
|
| LEADER |
00000nab a2200000 a 4500 |
| 001 |
vtls008625140 |
| 003 |
SK-MaSNL |
| 005 |
20260303071858.0 |
| 008 |
060222c20060103xo dr n 000 00slo |
| 015 |
|
|
|a SNBRB2006/02SVKPO
|
| 038 |
|
|
|a SVKPOCL
|
| 040 |
|
|
|a SVKPOCL
|b slo
|c AACR2
|e AACR2
|
| 041 |
|
|
|a slo
|
| 044 |
|
|
|a xo
|c SK
|
| 080 |
|
|
|a 796.332(091):311+519.2
|2 1997
|
| 080 |
|
|
|a 311+519.2
|2 1997
|
| 100 |
1 |
|
|a Petruš, Andrej
|4 aut
|9 672594
|
| 245 |
1 |
0 |
|a Kanonierske trasovisko
|b rebríčkom futbalových strelcov chýba jednotná platforma
|c Andrej Petruš
|
| 300 |
|
|
|a Fotogr.
|
| 650 |
0 |
7 |
|a futbal
|x štatistika
|2 svkpocl
|9 1071126
|
| 650 |
0 |
7 |
|a futbaloví kanonieri
|x štatistika
|2 svkpocl
|9 1071127
|
| 773 |
0 |
|
|t Prešovský večerník
|g Roč. XVII, č. 3865 (3.1.2006)
|x 1336-4030
|
| 773 |
0 |
8 |
|i Príl.:
|t Šport Extra
|g Č. 1 (3. januára 2006), s. 10
|
| 852 |
|
|
|a SVKPO
|b KIS3GCP
|
| 856 |
4 |
1 |
|u www.vecernik.po.sk
|
| 999 |
|
|
|c 1761801
|d 1763731
|